Consilium pietatis de non sequendis errantibus, sed corrigendis... / (Record no. 153444)

MARC details
000 -LEADER
campo de control de longitud fija 00784nam a22001935i 4500
001 - NÚMERO DE CONTROL
campo de control 153444
003 - IDENTIFICADOR DE NÚMERO DE CONTROL
campo de control ES-MaACL
005 - FECHA Y HORA DE LA ÚLTIMA TRANSACCIÓN
campo de control 20230906205228.0
008 - DATOS DE LONGITUD FIJA--INFORMACIÓN GENERAL
campo de control de longitud fija 940206s1720 it a |||| | lat d
040 ## - FUENTE DE CATALOGACIÓN
Centro catalogador/agencia de origen CAV
Lengua de catalogación spa
100 1# - ENTRADA PRINCIPAL--NOMBRE DE PERSONA
Nombre de persona Desirant, Bernard
Títulos y otros términos asociados al nombre (O.E.S.A.)
9 (RLIN) 222039
245 10 - MENCIÓN DEL TÍTULO
Título Consilium pietatis de non sequendis errantibus, sed corrigendis... /
Mención de responsabilidad, etc. per P.M.F. Bernardum Desirant Ord. Erem. S.P. Augustini... ; tomus tertius.
260 ## - PUBLICACIÓN, DISTRIBUCIÓN, ETC.
Lugar de publicación, distribución, etc. Romae :
Nombre del editor, distribuidor, etc. apud Io: Maria Salvioni...,
Fecha de publicación, distribución, etc. 1720.
300 ## - DESCRIPCIÓN FÍSICA
Extensión VI, [2] en bl., 228 p. ;
Dimensiones 4\so\p.
700 11 - ENTRADA AGREGADA--NOMBRE PERSONAL
Nombre de persona Salvioni, Giovanni Maria,
Término indicativo de función/relación
9 (RLIN) 132355
752 ## - ENTRADA AGREGADA--NOMBRE JERÁRQUICO DEL LUGAR
País o entidad superior Italia -
Ciudad , Roma
852 ## - LOCALIZACIÓN
Ubicación ES-MaACL
Número de control de estantería R-3367(3)
Nota libre -- Enc. perg.
Encuadernación -- Edic.: este ejemp. también tiene en prelim. VI, [2] en bl. y sign. a\p4\s
Holdings
Estatus retirado Estado de pérdida Estado de daño No para préstamo Colección Biblioteca de origen Biblioteca actual Ubicación en estantería Fecha de adquisición Fuente de adquisición Total de préstamos Signatura topográfica completa Código de barras Visto por última vez Precio de reemplazo Tipo de ítem Koha
        Libros del s. XVIII Biblioteca del Ateneo de Madrid Biblioteca del Ateneo de Madrid Depósito 17/01/2008     R-3367(3) 1160368 23/02/2023 23/02/2023 Libro impreso antiguo